Llwytho...

Biosystematic studies on a few genera of the commelinaceae of South India /

Manylion Llyfryddiaeth
Prif Awdur: Vrinda, S. L.
Fformat: Ph.D Thesis
Iaith:Undetermined
Pynciau:
LEADER 00529nam a2200145Ia 4500
001 145836
008 170722s9999 xx 000 0 und d
100 |a Vrinda, S. L. 
245 |a Biosystematic studies on a few genera of the commelinaceae of South India / 
502 |a Thesis (Ph.D.)-- Botany, University of Kerala 
653 |a Botany 
653 |a Phd Thesis 
942 |c TH 
999 |c 165640  |d 165640 
952 |0 0  |1 0  |4 0  |6 I_7366_21_000000000000000_N9RT  |7 0  |8 RT  |9 230231  |a LIB  |b LIB  |d 2017-08-12  |o I736:6.21 N9(RT)  |p G31745  |r 2017-08-12  |w 2017-08-12  |y TH